000 00756nam a2200229Ia 4500
008 191130s2007##################000#0#eng##
020 _a9780415771177
022 _a2006035814
040 _aACL
_cACL
082 _a302.2343 CHE
245 _aFilm, history and cultural citizenship : sites of production
_cedited by Tina Mai Chen and David S. Churchill
260 _aLondon ; New York
_bRoutledge
_cc2007
300 _avi, 241 p. : ill. ; 24 cm
500 _aIncludes bibliographical references and index
650 _aMotion pictures - Social aspects
650 _aMotion pictures and history
700 _aChen, Tina Mai
700 _aChurchill, David S
990 _abe3d9336ac10000c38ac8e775ecdf8c1
991 _a230699
999 _c183412
_d183412